书目信息 |
| 题名: |
德语备考词汇精解800例
|
|
| 作者: | 管新潮 编著 | |
| 分册: | ||
| 出版信息: | 上海 同济大学出版社 2002.09 |
|
| 页数: | 245页 | |
| 开本: | 21cm | |
| 丛书名: | ||
| 单 册: | ||
| 中图分类: | H333.1 | |
| 科图分类: | ||
| 主题词: | 德语--de yu--词汇--自学参考资料 | |
| 电子资源: | ||
| ISBN: | 7-5608-2480-3 | |
| 000 | 00787nam0 2200229 450 | |
| 001 | 012009584998 | |
| 005 | 20090918102715.17 | |
| 010 | @a7-5608-2480-3@dCNY12.80 | |
| 100 | @a20090918d2002 em y0chiy0120 ea | |
| 101 | 0 | @achi@ager |
| 102 | @aCN@b310000 | |
| 105 | @ay z 000yy | |
| 106 | @ar | |
| 200 | 1 | @a德语备考词汇精解800例@Ade yu bei kao ci hui jing jie 800 li@f管新潮编著@Fguan xin chao bian zhu |
| 210 | @a上海@c同济大学出版社@d2002.09 | |
| 215 | @a245页@d21cm | |
| 330 | @a本书将所有内容均以词汇的形式进行整合编写,而且编写时力求简洁明了,使读者一读就懂,并尽可能短的时间内做到灵活运用。 | |
| 606 | 0 | @a德语@Ade yu@x词汇@j自学参考资料 |
| 690 | @aH333.1@v4 | |
| 701 | 0 | @a管新潮@Aguan xin chao@4编著 |
| 801 | 0 | @aCN@bQSSK@c20090918 |
| 905 | @b755352-56@dH333.1@eG571@f5 | |
| 德语备考词汇精解800例/管新潮编著.-上海:同济大学出版社,2002.09 |
| 245页;21cm |
| ISBN 7-5608-2480-3:CNY12.80 |
| 本书将所有内容均以词汇的形式进行整合编写,而且编写时力求简洁明了,使读者一读就懂,并尽可能短的时间内做到灵活运用。 |
| ● |
| 相关链接 |
|
|
|
正题名:德语备考词汇精解800例
索取号:H333.1/G571
 
预约/预借
| 序号 | 登录号 | 条形码 | 馆藏地/架位号 | 状态 | 备注 |
| 1 | 755352 | 207553529 | 语言库209/209语言库 119排1列4层/ [索取号:H333.1/G571] | 在馆 | |
| 2 | 755353 | 207553538 | 语言库209/209语言库 119排1列4层/ [索取号:H333.1/G571] | 在馆 | |
| 3 | 755354 | 207553547 | 语言库209/209语言库 119排1列4层/ [索取号:H333.1/G571] | 在馆 | |
| 4 | 755355 | 207553556 | 语言库209/209语言库 119排1列4层/ [索取号:H333.1/G571] | 在馆 | |
| 5 | 755356 | 207553565 | 语言库209/209语言库 119排1列4层/ [索取号:H333.1/G571] | 在馆 |